[Event "POL-chT3 Slaskie"]
[Site "Poland"]
[Date "2008.02.19"]
[Round "3.3"]
[White "Pacak, Mateusz"]
[Black "Waruga, Wojciech"]
[Result "0-1"]
[WhiteElo "1905"]
[BlackElo "2010"]
[PlyCount "92"]
[EventDate "2008.02.03"]
[EventType "team-swiss"]
[EventRounds "9"]
[EventCountry "POL"]
[SourceTitle "EXT 2019"]
[Source "ChessBase"]
[SourceDate "2018.10.10"]
[SourceVersion "1"]
[SourceVersionDate "2018.10.10"]
[SourceQuality "1"]

1. e4 e5 2. Nc3 d6 3. f4 Nc6 4. Nf3 Bg4 5. Bb5 Nge7 6. h3 Bxf3 7. Qxf3 a6 8. Bc4 Nd4 9. Qf2 f6 10. d3 b5 11. Bb3 c6 12. Be3 Nxb3 13. axb3 exf4 14. Bxf4 Ng6 15. Bg3 Be7 16. 0-0 0-0 17. Ne2 d5 18. Nf4 Nxf4 19. Qxf4 Bc5+ 20. Kh2 dxe4 21. Qxe4 Qd7 22. Qf5 Qxf5 23. Rxf5 Bb6 24. Rff1 Rfe8 25. Rfe1 a5 26. Rxe8+ Rxe8 27. Re1 Kf7 28. Rxe8 Kxe8 29. Be1 Kd7 30. Kg3 Ke6 31. Kf3 h5 32. Ke4 f5+ 33. Kf4 Bd8 34. h4 Bf6 35. c3 g6 36. Bf2 a4 37. bxa4 bxa4 38. g3 Kd5 39. Be3 Be5+ 40. Kf3 c5 41. Bf4 Bg7 42. Ke3 Bf6 43. Bh6 Bd8 44. Bf4 Ba5 45. Bg5 c4 46. dxc4+ Kxc4 0-1

[Event "POL-chT3 Liga Slaska"]
[Site "Poland"]
[Date "2007.02.11"]
[Round "4"]
[White "Pacak, Mateusz"]
[Black "Kielar, Maciej"]
[Result "0-1"]
[WhiteElo "1898"]
[BlackElo "1940"]
[PlyCount "102"]
[EventDate "2007.01.28"]
[EventType "team-swiss"]
[EventRounds "9"]
[EventCountry "POL"]
[SourceTitle "EXT 2011"]
[Source "ChessBase"]
[SourceDate "2010.11.26"]
[SourceVersion "1"]
[SourceVersionDate "2010.11.26"]
[SourceQuality "1"]
[WhiteTeam "Czestochowa UKS Hetman"]
[BlackTeam "Katowice UKS Palac Mlodziezy"]
[WhiteTeamCountry "POL"]
[BlackTeamCountry "POL"]

1. e4 e6 2. d4 d5 3. Nc3 Nf6 4. e5 Nfd7 5. f4 c5 6. Nf3 Nc6 7. Be3 Qa5 8. a3 c4 9. g4 Nb6 10. Bd2 Na4 11. Nxa4 Qxa4 12. Bh3 Be7 13. f5 Qa6 14. Bc3 h5 15. f6 gxf6 16. exf6 hxg4 17. Bxg4 Bxf6 18. Qd2 Qb6 19. 0-0-0 Qc7 20. Rde1 Bd7 21. Ne5 Bxe5 22. dxe5 0-0-0 23. Qf2 Rdg8 24. Bf3 Kb8 25. h4 Ne7 26. Kb1 Nf5 27. Bxd5 exd5 28. e6 Bxe6 29. Be5 Nd6 30. Reg1 Rxg1+ 31. Rxg1 Rd8 32. h5 Qc8 33. Qf4 Kc7 34. Rg5 Kc6 35. h6 f5 36. Rg6 Qd7 37. Bg7 Bg8 38. Be5 Qe7 39. Rg7 Nf7 40. Rg6+ Nd6 41. Rg7 Nf7 42. Rg6+ Nd6 43. Qh2 a6 44. Ka2 b6 45. b3 b5 46. bxc4 bxc4 47. c3 Be6 48. Rg7 Nf7 49. Bd4 Qd6 50. Qh4 Rb8 51. h7 Rb3 0-1